Noroeste : diario 2 /

El contenido de este libro nos llevará en un viaje antiguo y misterioso por el corazón de la mitología de nuestro país.

Guardado en:
Autor Principal: Batic, Leonardo
Formato: Libro
Publicado: Buenos Aires : Albatros, 2013
Series:Seres mitológicos argentinos
Materias:
Etiquetas: Agregar Etiqueta
Sin Etiquetas, Sea el primero en etiquetar este registro!
LEADER 00944nam a22002535a 4500
001 CEM.cems014397
008 130507s2013##################000#0#####d
005 20240705185157.0
245 1 0 |a Noroeste :  |b diario 2 /  |c Texto E Ilustraciones de Leonardo Batic 
260 |a Buenos Aires :  |b Albatros,  |c 2013 
300 |a 128 p. 
490 0 |a Seres mitológicos argentinos 
520 |a El contenido de este libro nos llevará en un viaje antiguo y misterioso por el corazón de la mitología de nuestro país. 
020 |a 9789950241393 
100 1 |a Batic, Leonardo 
082 0 4 |a 398.2 
653 |a Literatura 
653 |a Mitología 
653 |a Literatura folclórica 
653 |a Literatura argentina 
653 |a Mitología argentina 
653 |a Ministerio de educación-colección literaria 
859 |a CEMS  |b BIB. CEMS - Inicial y Primaria  |h 398.2  |i B320  |k IP  |p 4148  |t Ej.1 
859 |a CEMS  |b BIB. CEMS - 11 de abril  |h 398.2  |i B320-2  |p 26971.14  |t Ej.1